00846nam a2200253Ia 4500003000400000005001700004008004100021020001800062040000700080041001200087082001500099100002600114245005100140260004100191300001700232365001400249650002200263650002200285700006500307906005300372942001200425999001900437952013600456OSt20250724145902.0210423s2010 xx 000 0 und d a9781847875389 cAL aEnglish a150 bBANE aPhilip Banyard983135 aEssential psychologyb: a concise introduction aLos AngelesbSage Publicationsc2010 axiii,454bPB b1811cINR aPhilosophy983136 aPsychology983137 aDavies, Mark N OdNorman, ChristineeWinder, Belinda9219954 aconcise ; Essential ; introduction. ; psychology 2ddccBK c158696d158696 00102ddc40708CPSYaSACPGbSACPGd2010-08-17eAthulya Booksg1811.00l0o150 BANEpPG005173r2022-08-24 00:00:00w2021-04-26yBK